| 000 -LEADER |
| fixed length control field |
00756cam a22002414a 4500 |
| 001 - CONTROL NUMBER |
| control field |
12598869 |
| 005 - DATE AND TIME OF LATEST TRANSACTION |
| control field |
20180215035454.0 |
| 008 - FIXED-LENGTH DATA ELEMENTS--GENERAL INFORMATION |
| fixed length control field |
011126s2001 pauaf if 001 0 eng |
| 010 ## - LIBRARY OF CONGRESS CONTROL NUMBER |
| LC control number |
2001280113 |
| 020 ## - INTERNATIONAL STANDARD BOOK NUMBER |
| International Standard Book Number |
0803608756 |
| 040 ## - CATALOGING SOURCE |
| Original cataloging agency |
DLC |
| Transcribing agency |
DLC |
| Modifying agency |
DLC |
| 041 ## - LANGUAGE CODE |
| Language code of text/sound track or separate title |
eng |
| 042 ## - AUTHENTICATION CODE |
| Authentication code |
pcc |
| 080 ## - UNIVERSAL DECIMAL CLASSIFICATION NUMBER |
| Universal Decimal Classification number |
615.1024613 hog |
| 082 00 - DEWEY DECIMAL CLASSIFICATION NUMBER |
| Classification number |
615.1024613 hop |
| Edition number |
21 |
| 100 1# - Rafti |
| Rafti |
4 |
| 101 ## - Shkurtesa |
| Shkurtesa |
shm |
| 245 10 - TITLE STATEMENT |
| Title |
Pocket companion to accompany Davis's drug guide for nurses : |
| Statement of responsibility, etc |
Judith Hopfer Deglin, April Hazard Vallerand. |
| 246 3# - VARYING FORM OF TITLE |
| Title proper/short title |
Drug guide for nurses |
| 906 ## - LOCAL DATA ELEMENT F, LDF (RLIN) |
| a |
7 |
| b |
cbc |
| c |
origcop |
| d |
2 |
| e |
ncip |
| f |
20 |
| g |
y-gencatlg |
| 942 ## - ADDED ENTRY ELEMENTS (KOHA) |
| Source of classification or shelving scheme |
|
| Item type |
Books |